Breviarium juxta Ritum auctoritate apostolica approbatum et Reverendissimi Patris Fr. Andreae Frühwirth ejusdem Ordinis Generalis Magistri permissu editum

Detalles Bibliográficos
Autor Corporativo: Iglesia Católica
Formato: Libro
Lenguaje:Latin
Publicado: Mechliniae : H. Dessain Summi Pontificis, S. Congregationis de Propaganda Fide et Archiepiscopatus Mechliniensis typographus, 1893.
Materias:
Colección:Banco de datos
Acervo:Monasterio de Santa Catalina de Siena de la Orden de Santo Domingo de Morelia. Michoacán
Descripción Física:4 t. ; 8°
Tema general:Liturgia
Notas:Portada a dos tintas con escudo de la Orden de Santo Domingo en grabado litográfico. Encuadernación en piel sobre cartón. Anotaciones manuscritas en la portada
LEADER 00940nam a22001690004500
035 |a 577 
041 0 |a lat 
110 1 |a Iglesia Católica 
245 1 0 |a Breviarium juxta Ritum auctoritate apostolica approbatum et Reverendissimi Patris Fr. Andreae Frühwirth ejusdem Ordinis Generalis Magistri permissu editum 
260 |a Mechliniae : H. Dessain Summi Pontificis, S. Congregationis de Propaganda Fide et Archiepiscopatus Mechliniensis typographus, 1893. 
300 |a 4 t. ; 8° 
500 |a Portada a dos tintas con escudo de la Orden de Santo Domingo en grabado litográfico. Encuadernación en piel sobre cartón. Anotaciones manuscritas en la portada 
650 1 0 |a Liturgia 
949 |a Monasterio de Santa Catalina de Siena y Santa Ana del Convento de Dominicas de Morelia, Michoacán: t. 2 (996) 
942 |c DOMMOR 
943 |g Monasterio de Santa Catalina de Siena de la Orden de Santo Domingo de Morelia. Michoacán 
999 |c 1104633  |d 1104633